Tilastot visalle Lähimmät kaupunkiparit #1

Klikkaa tästä pelataksesi tätä visaa!

Yleistilastot

  • Tätä visaa on pelattu 206 kertaa
  • Keskiarvotulos 12 / 20

Vastaustilastot

Kaupunki 1Kaupunki 2% Oikein
HelsinkiPietari
83%
AucklandSydney
83%
BuffaloToronto
79%
LiverpoolManchester
78%
Buenos AiresMontevideo
72%
OttawaMontreal
71%
AdelaideMelbourne
70%
SofiaBukarest
66%
KööpenhaminaHampuri
65%
Oklahoma CityDallas
62%
TianjinPeking
59%
WienBudapest
58%
BogotáMedellín
53%
MekkaJedda
49%
TijuanaSan Diego
49%
MemphisNashville
45%
OrlandoTampa
44%
PuneMumbai
42%
DenverSalt Lake City
40%
Port ElizabethKapkaupunki
36%

Tulosjakauma

Persentiili vastausten määrän mukaan

Jokaisen tuloksen saaneiden osuus

Tuloshistoriasi

Et ole pelannut tätä visaa